Federal income taxation (Record no. 5774)

000 -CABECERA
Campo de control de longitud fija 00684nam#a2200229#c#4500
003 - IDENTIFICADOR DE NÚMERO DE CONTROL
Campo de control IEF
005 - FECHA Y HORA DE LA ÚLTIMA TRANSACCIÓN
Campo de control 20231115155349.0
007 - CAMPO FIJO DE DESCRIPCIÓN FÍSICA - INFORMACIÓN GENERAL
campo de control de longitud fija ta
008 - CAMPO FIJO DE DESCRIPCIÓN FIJA - INFORMACIÓN GENERAL
Campo de control de longitud fija 941205s1960 us fr | 0||u|eng|u
040 ## - FUENTE DE LA CATALOGACIÓN
Centro catalogador de origen ES-MaIEF
Lengua de catalogación eng
Centro transcriptor ES-MaIEF
041 ## - CÓDIGO DE LENGUA
Código de lengua del texto/banda sonora o título independiente eng
100 1# - ENCABEZAMIENTO PRINCIPAL - NOMBRE PERSONAL
Nombre de persona Holzman, Robert S.
9 (RLIN) 21689
245 10 - MENCIÓN DE TÍTULO
Título Federal income taxation
Parte restante del título tax principles and tax planning
Mención de responsabilidad, etc. Robert S. Holzman
260 ## - PUBLICACIÓN, DISTRIBUCIÓN, ETC (PIE DE IMPRENTA)
Lugar de publicación, distribución, etc. New York
Nombre del editor, distribuidor, etc. The Ronald Press Company
Fecha de publicación, distribución, etc. 1960
300 ## - DESCRIPCIÓN FÍSICA
Extensión VIII, pag. var.
Dimensiones 23 cm
650 #4 - PUNTO DE ACCESO ADICIONAL DE MATERIA - TÉRMINO DE MATERIA
Término de materia o nombre geográfico como elemento inicial IMPUESTO SOBRE LA RENTA DE LAS PERSONAS FISICAS
9 (RLIN) 50199
650 #4 - PUNTO DE ACCESO ADICIONAL DE MATERIA - TÉRMINO DE MATERIA
Término de materia o nombre geográfico como elemento inicial PLANIFICACION FISCAL
9 (RLIN) 48026
650 #4 - PUNTO DE ACCESO ADICIONAL DE MATERIA - TÉRMINO DE MATERIA
Término de materia o nombre geográfico como elemento inicial LEGISLACION
9 (RLIN) 47615
650 #4 - PUNTO DE ACCESO ADICIONAL DE MATERIA - TÉRMINO DE MATERIA
Término de materia o nombre geográfico como elemento inicial ESTADOS UNIDOS
9 (RLIN) 42888
942 ## - ELEMENTOS KOHA
Koha tipo de item Libros
Holdings
Suprimido Perdido Estropeado No se presta Localización (Biblioteca) Fecha de adquisición Koha signatura completa Designación de pieza (código de barras) Koha Fecha de último uso Precio efectivo desde Koha tipo de item
      Disponible para préstamo IEF 1994-12-05 2570 2570 2018-02-19 2018-02-19 Libros

Powered by Koha